[Event "Berliner Einzelmeisterschaft M-Klasse 2024"]
[Site "Berlin, Germany"]
[Date "2024.03.30"]
[Round "1.2"]
[White "Schmidek, Emil"]
[Black "Noeldner, Julian"]
[Result "1-0"]
[WhiteElo "2439"]
[BlackElo "2179"]
[PlyCount "81"]
[EventDate "2024.??.??"]

1. d4 Nf6 2. c4 g6 3. f3 d5 4. cxd5 Nxd5 5. e4 Nb6 6. Be3 Bg7 7. Nc3 O-O 8. Qd2 e5 9. d5 c6 10. h4 cxd5 11. exd5 N8d7 12. O-O-O Nf6 13. g4 e4 14. g5 Nh5 15. Bd4 Bxd4 16. Qxd4 exf3 17. Nxf3 Bf5 18. Bd3 Bxd3 19. Rxd3 Rc8 20. Ne5 Qd6 21. Kb1 Nd7 22. Nxd7 Qxd7 23. d6 Qc6 24. Rdd1 Qc5 25. d7 Qxd4 26. Rxd4 Rcd8 27. Ne4 b6 28. Nf6+ Nxf6 29. gxf6 Rb8 30. Rc1 h6 31. Rc7 a5 32. Kc2 Kh7 33. Kd3 g5 34. h5 Rfd8 35. Kc4 Rg8 36. Rg4 b5+ 37. Kc5 b4 38. Kc6 Ra8 39. Kb6 a4 40. Ra7 Rab8+ 41. Kc7 1-0

[Event "Berliner Einzelmeisterschaft M-Klasse 2024"]
[Site "Berlin, Germany"]
[Date "2024.03.30"]
[Round "1.4"]
[White "Polzin, Rainer"]
[Black "Brustkern, Juergen"]
[Result "1-0"]
[WhiteElo "2401"]
[BlackElo "2153"]
[PlyCount "69"]
[EventDate "2024.??.??"]

1. e4 e5 2. Nf3 Nc6 3. Bb5 a6 4. Ba4 d6 5. Bxc6+ bxc6 6. d4 f6 7. h3 g6 8. Be3 Nh6 9. dxe5 fxe5 10. Qd2 Nf7 11. Nc3 Bg7 12. Ng5 Qe7 13. h4 Nd8 14. Nf3 h6 15. Ng1 Rb8 16. O-O-O Qf7 17. Nge2 Ne6 18. Rdf1 c5 19. f4 exf4 20. Nxf4 O-O 21. Rf2 Qe8 22. Rhf1 Nxf4 23. Bxf4 Kh7 24. Qd3 Bg4 25. Bd2 Rxf2 26. Rxf2 a5 27. b3 Rb4 28. Qa6 a4 29. Qa7 axb3 30. axb3 Qd7 31. Nd5 Rxe4 32. Nf6+ Bxf6 33. Rxf6 Qe7 34. Bc3 Re3 35. Qa5 1-0

[Event "Berliner Einzelmeisterschaft M-Klasse 2024"]
[Site "Berlin, Germany"]
[Date "2024.03.31"]
[Round "2.1"]
[White "Hesse, Henrik"]
[Black "Schmidek, Emil"]
[Result "1/2-1/2"]
[WhiteElo "2312"]
[BlackElo "2439"]
[PlyCount "110"]
[EventDate "2024.??.??"]

1. c4 e6 2. g3 d5 3. Bg2 d4 4. Nf3 c5 5. e3 Nc6 6. exd4 cxd4 7. d3 Nf6 8. O-O Bd6 9. Na3 O-O 10. Nc2 e5 11. b4 Re8 12. Re1 a6 13. Bg5 Bf5 14. Nh4 Bd7 15. Rb1 h6 16. Bxf6 Qxf6 17. a4 Nd8 18. c5 Bf8 19. Na3 Bc6 20. Nc4 Bxg2 21. Kxg2 a5 22. Nxa5 Bxc5 23. Nc4 Bd6 24. Nf5 Bf8 25. Nxd4 Nc6 26. Nxc6 Qxc6+ 27. Qf3 Qxf3+ 28. Kxf3 Rxa4 29. Rxe5 Rxe5 30. Nxe5 f6 31. Nd7 Rxb4 32. Rxb4 Bxb4 33. Ke4 Kf7 34. Kd5 Ke7 35. Nb6 h5 36. f3 g6 37. d4 g5 38. h3 g4 39. hxg4 hxg4 40. fxg4 Be1 41. Nc8+ Kf7 42. Nd6+ Kg6 43. Nxb7 Kg5 44. Ke6 Bxg3 45. d5 Kxg4 46. Kxf6 Kf3 47. Ke6 Bh2 48. Nd6 Ke3 49. Nc4+ Kd4 50. Nd2 Bb8 51. Nb3+ Ke4 52. Nc5+ Kd4 53. Nd7 Bh2 54. Nf6 Bb8 55. Nd7 Bh2 1/2-1/2

[Event "Berliner Einzelmeisterschaft M-Klasse 2024"]
[Site "Berlin, Germany"]
[Date "2024.03.31"]
[Round "2.2"]
[White "Lagunow, Raphael"]
[Black "Eilenberg, Jonas"]
[Result "1-0"]
[WhiteElo "2421"]
[BlackElo "2303"]
[PlyCount "89"]
[EventDate "2024.??.??"]

1. d4 d5 2. c4 e6 3. Nc3 Bb4 4. a3 Bxc3+ 5. bxc3 Nf6 6. cxd5 exd5 7. Bg5 c5 8. dxc5 Nc6 9. Nf3 Qa5 10. Bxf6 gxf6 11. Qd2 Qxc5 12. Nd4 Be6 13. g3 Rc8 14. Bg2 Ne5 15. O-O O-O 16. Rfc1 Rfd8 17. a4 b6 18. h3 Qf8 19. Qf4 Qg7 20. a5 Qg5 21. axb6 axb6 22. Ra6 Rd6 23. Rb1 Qxf4 24. gxf4 Nc4 25. Rb5 f5 26. e3 Kg7 27. Bf1 Nd2 28. Bd3 Rxc3 29. Bxf5 Nc4 30. Ra7 Kg8 31. Nxe6 fxe6 32. Bxh7+ Kh8 33. Re7 Na3 34. Rb4 b5 35. f5 d4 36. f6 e5 37. exd4 exd4 38. Rxd4 Rxd4 39. Bg6 Rc8 40. Rh7+ Kg8 41. f7+ Kf8 42. Rh8+ Kg7 43. Rxc8 Rf4 44. Rg8+ Kh6 45. h4 1-0

[Event "Berliner Einzelmeisterschaft M-Klasse 2024"]
[Site "Berlin, Germany"]
[Date "2024.03.31"]
[Round "2.6"]
[White "Baldauf, Marco"]
[Black "Petersen, Marcel"]
[Result "1-0"]
[WhiteElo "2481"]
[BlackElo "2133"]
[PlyCount "161"]
[EventDate "2024.??.??"]

1. Nf3 Nf6 2. c4 c5 3. g3 Nc6 4. Bg2 e6 5. O-O Be7 6. d4 cxd4 7. Nxd4 O-O 8. Nc3 d5 9. cxd5 exd5 10. Be3 Be6 11. Qa4 Qd7 12. Rfd1 Rfd8 13. Nb3 Rac8 14. Nc5 Bxc5 15. Bxc5 b6 16. Be3 Na5 17. Qh4 Rc4 18. Rd4 Ng4 19. Rxc4 Nxc4 20. Bd4 f6 21. h3 Nge5 22. b3 Ng6 23. Qh5 Nce5 24. e3 Nc6 25. Rd1 Nge7 26. g4 Bf7 27. Qh4 Nxd4 28. Rxd4 Qc7 29. Ne2 Qc2 30. Bf1 Qxa2 31. Ra4 Qxb3 32. Rxa7 Nc6 33. Rc7 Ne5 34. Nd4 Qd1 35. Kg2 Nd3 36. g5 Ne1+ 37. Kg3 fxg5 38. Qxg5 Rf8 39. Be2 Qa1 40. Kh2 h6 41. Qg1 b5 42. Nxb5 Bg6 43. Nd4 Rf7 44. Rxf7 Kxf7 45. Qg4 Qb1 46. Qe6+ Kf8 47. Qxd5 Qe4 48. Qd8+ Be8 49. Qd6+ Kg8 50. Bc4+ Bf7 51. Bxf7+ Kxf7 52. Qd7+ Kg8 53. Qe6+ Qxe6 54. Nxe6 Kf7 55. Nd4 Kf6 56. Kg3 Nd3 57. f3 Ne5 58. f4 Nc4 59. e4 g5 60. e5+ Kg7 61. h4 gxf4+ 62. Kxf4 Kg6 63. Nf5 Nb6 64. Ng3 h5 65. Ke4 Nc4 66. Kd5 Ne3+ 67. Kd6 Nc4+ 68. Ke6 Nb6 69. Ne2 Kg7 70. Nf4 Nc4 71. Nxh5+ Kf8 72. Nf6 Kg7 73. Nh5+ Kf8 74. Nf4 Kg7 75. Kd5 Ne3+ 76. Ke6 Nc4 77. h5 Kf8 78. Kf6 Nb6 79. e6 Nc8 80. Ng6+ Kg8 81. Ne7+ 1-0

[Event "Berliner Einzelmeisterschaft M-Klasse 2024"]
[Site "Berlin, Germany"]
[Date "2024.04.01"]
[Round "3.2"]
[White "Baldauf, Marco"]
[Black "Lagunow, Alexander"]
[Result "1/2-1/2"]
[WhiteElo "2481"]
[BlackElo "2350"]
[PlyCount "131"]
[EventDate "2024.??.??"]

1. d4 d5 2. c4 c6 3. Nc3 Nf6 4. e3 e6 5. Nf3 Nbd7 6. Bd3 dxc4 7. Bxc4 b5 8. Bd3 b4 9. Na4 c5 10. O-O Bb7 11. Bd2 Ne4 12. dxc5 Nexc5 13. Bb5 a6 14. Nxc5 Bxc5 15. Ba4 O-O 16. Bxb4 Bxf3 17. gxf3 Qh4 18. Bxd7 Qxb4 19. Qe2 Rad8 20. Rfd1 Bd6 21. Bc6 Be5 22. Qxa6 Qxb2 23. Rab1 Qc2 24. Qa4 Qg6+ 25. Kh1 Qh5 26. f4 Bd6 27. Be4 g6 28. Rg1 Qh4 29. Qc2 Ba3 30. Rb3 Qe7 31. Rb7 Rd7 32. Rxd7 Qxd7 33. Rd1 Qe7 34. Rb1 Qd6 35. Qc3 Rd8 36. Kg2 Qa6 37. Qf6 Qa5 38. Rb7 Rf8 39. Qe5 Qxe5 40. fxe5 Rc8 41. Rb3 Be7 42. f4 Rc4 43. Kf3 Ra4 44. Bb1 Rb4 45. Rxb4 Bxb4 46. a4 Ba5 47. Ke4 Bb6 48. Bd3 Ba5 49. Bb5 Bb6 50. h3 Ba5 51. Kd3 Bb6 52. Bc6 Kf8 53. Bf3 Ke7 54. Be2 f6 55. exf6+ Kxf6 56. Bg4 Ke7 57. h4 h5 58. Bf3 Ba5 59. Be4 Kf6 60. Ke2 Bb6 61. Bc6 Bc7 62. Be8 Kg7 63. Kf3 Bd8 64. Kg3 Ba5 65. Kf2 Bd8 66. Kg3 1/2-1/2

[Event "Berliner Einzelmeisterschaft M-Klasse 2024"]
[Site "Berlin, Germany"]
[Date "2024.04.03"]
[Round "5.3"]
[White "Baldauf, Marco"]
[Black "Klenburg, Michael"]
[Result "1-0"]
[WhiteElo "2481"]
[BlackElo "2328"]
[PlyCount "59"]
[EventDate "2024.??.??"]

1. c4 Nf6 2. Nc3 e5 3. Nf3 d6 4. d4 Nbd7 5. Bg5 Be7 6. e3 c6 7. Qc2 Ng4 8. Bxe7 Qxe7 9. O-O-O Ngf6 10. h3 O-O 11. g4 g6 12. g5 Nh5 13. Be2 Ng7 14. h4 exd4 15. Nxd4 Re8 16. h5 Nc5 17. hxg6 hxg6 18. Rdg1 Nge6 19. Nf3 Ng7 20. Rh4 Bf5 21. Rgh1 Nh5 22. Rxh5 gxh5 23. Qxf5 Qe6 24. Qf4 Ne4 25. Nxe4 Qxe4 26. Qxe4 Rxe4 27. Rxh5 Rae8 28. Bd3 Rg4 29. Kd2 a6 30. b3 1-0

[Event "Berliner Einzelmeisterschaft M-Klasse 2024"]
[Site "Berlin, Germany"]
[Date "2024.04.03"]
[Round "5.4"]
[White "Schmidek, Emil"]
[Black "Lagunow, Alexander"]
[Result "1-0"]
[WhiteElo "2439"]
[BlackElo "2350"]
[PlyCount "57"]
[EventDate "2024.??.??"]

1. d4 Nf6 2. c4 e6 3. Nc3 Bb4 4. e3 O-O 5. Bd3 c5 6. Nf3 cxd4 7. exd4 d5 8. O-O dxc4 9. Bxc4 Nc6 10. a3 Be7 11. Be3 a6 12. Rc1 b5 13. Ba2 Bb7 14. Qd3 Qd6 15. b4 Rfd8 16. Rfd1 Nb8 17. d5 exd5 18. Bc5 Qd7 19. Ne5 Qe8 20. Bxe7 Qxe7 21. Nxd5 Nxd5 22. Bxd5 Rf8 23. Bxf7+ Rxf7 24. Nxf7 Kxf7 25. Qf5+ Kg8 26. Re1 Qf8 27. Qe6+ Kh8 28. Rc7 Ra7 29. Qb6 1-0

[Event "Berliner Einzelmeisterschaft M-Klasse 2024"]
[Site "Berlin, Germany"]
[Date "2024.04.04"]
[Round "6.2"]
[White "Jahnz, Laurin"]
[Black "Polzin, Rainer"]
[Result "1/2-1/2"]
[WhiteElo "2051"]
[BlackElo "2401"]
[PlyCount "45"]
[EventDate "2024.??.??"]

1. e4 g6 2. d4 Bg7 3. Nf3 d6 4. Nc3 a6 5. Be2 b5 6. O-O Bb7 7. Re1 e6 8. a4 bxa4 9. Bg5 Ne7 10. Qd2 h6 11. Be3 Nd7 12. Rxa4 Nf6 13. Bd3 d5 14. e5 Ne4 15. Qe2 Nxc3 16. bxc3 O-O 17. Rea1 Nf5 18. Bxa6 Bxa6 19. Rxa6 Rxa6 20. Rxa6 Nxe3 21. Qxe3 Qb8 22. Qe2 Rc8 23. Ra5 1/2-1/2

[Event "Berliner Einzelmeisterschaft M-Klasse 2024"]
[Site "Berlin, Germany"]
[Date "2024.04.05"]
[Round "7.1"]
[White "Poltorak, Sebastian"]
[Black "Lagunow, Raphael"]
[Result "1-0"]
[WhiteElo "2392"]
[BlackElo "2421"]
[PlyCount "91"]
[EventDate "2024.??.??"]

1. d4 d5 2. c4 c6 3. Nc3 Nf6 4. e3 Bf5 5. Nf3 e6 6. Nh4 Be4 7. f3 Bg6 8. Qb3 Qc7 9. cxd5 Nxd5 10. Nxg6 hxg6 11. e4 Nxc3 12. bxc3 Nd7 13. Be3 Be7 14. g3 g5 15. Rb1 b5 16. Be2 a6 17. O-O O-O 18. c4 e5 19. d5 cxd5 20. cxd5 Bc5 21. Kg2 Bxe3 22. Qxe3 Qa5 23. Rb2 Rfc8 24. Qxg5 Qa3 25. Qd2 Rc3 26. Rfb1 Rac8 27. Rb3 Qc5 28. Rxc3 Qxc3 29. Rb2 Kf8 30. f4 Qxd2 31. Rxd2 Ke7 32. Bg4 Rc4 33. Bxd7 Kxd7 34. Kf3 Kd6 35. Re2 exf4 36. gxf4 f5 37. exf5 Kxd5 38. Rd2+ Kc6 39. Rg2 Rc3+ 40. Ke4 Rh3 41. Rxg7 Rxh2 42. f6 Kd6 43. Kf5 Rxa2 44. Ra7 Rc2 45. f7 Rc8 46. Kf6 1-0

[Event "Berliner Einzelmeisterschaft M-Klasse 2024"]
[Site "Berlin, Germany"]
[Date "2024.04.05"]
[Round "7.4"]
[White "Polzin, Rainer"]
[Black "Schmidek, Emil"]
[Result "1-0"]
[WhiteElo "2401"]
[BlackElo "2439"]
[PlyCount "69"]
[EventDate "2024.??.??"]

1. e4 c6 2. d4 d5 3. e5 Bf5 4. Nd2 e6 5. Nb3 Nd7 6. Nf3 Ne7 7. Be2 h6 8. O-O g5 9. Bd2 a5 10. a4 Bg7 11. Rc1 O-O 12. Qe1 b6 13. c4 c5 14. dxc5 Nxe5 15. Nxe5 Bxe5 16. Bc3 Bf4 17. cxb6 Qxb6 18. Nd4 Bg6 19. Rd1 Be5 20. Bf3 Bg7 21. cxd5 Nxd5 22. Bxd5 exd5 23. Qd2 Rfc8 24. Nb5 Bxc3 25. Nxc3 Qb3 26. Nxd5 Rc2 27. Ne7+ Kh7 28. Qd6 Qe6 29. Qxe6 fxe6 30. Nxg6 Kxg6 31. Rd6 Kf5 32. Re1 Rb8 33. Rdxe6 Rc5 34. Rxh6 Rxb2 35. h3 1-0

[Event "Berliner Einzelmeisterschaft M-Klasse 2024"]
[Site "Berlin, Germany"]
[Date "2024.04.06"]
[Round "8.1"]
[White "Baldauf, Marco"]
[Black "Poltorak, Sebastian"]
[Result "1/2-1/2"]
[WhiteElo "2481"]
[BlackElo "2392"]
[PlyCount "116"]
[EventDate "2024.??.??"]

1. d4 Nf6 2. c4 e6 3. Nc3 Bb4 4. Qc2 d5 5. cxd5 exd5 6. Bg5 h6 7. Bh4 g5 8. Bg3 Nc6 9. e3 h5 10. Bb5 h4 11. Be5 Rh6 12. h3 Ne4 13. Nge2 Bf5 14. Qb3 Nxc3 15. bxc3 Be7 16. O-O a6 17. Bxc6+ bxc6 18. f3 Rb8 19. Qa4 Rb6 20. Rae1 Re6 21. Nc1 f6 22. Bh2 Qd7 23. Nb3 Bd3 24. Rf2 Bb5 25. Qa5 Bc4 26. Rd2 Kf7 27. Kf2 Rb5 28. Qxc7 Qxc7 29. Bxc7 Bxb3 30. axb3 Rxb3 31. Rc2 Rb7 32. Bh2 c5 33. Ra1 cxd4 34. cxd4 Bb4 35. f4 Kg6 36. fxg5 Kxg5 37. Ke2 a5 38. Bf4+ Kg6 39. Rc8 Rbb6 40. Rd8 Rb5 41. Rg8+ Kf7 42. Ra8 Bc3 43. Ra2 Rb3 44. R8xa5 Bxd4 45. R5a3 Rxa3 46. Rxa3 Be5 47. Ra4 d4 48. Bxe5 fxe5 49. exd4 exd4+ 50. Kd3 Rg6 51. Ra7+ Kg8 52. Ra2 Rg3+ 53. Kxd4 Kg7 54. Ke5 Kg6 55. Kf4 Kf6 56. Rb2 Ke6 57. Rb6+ Kf7 58. Rb7+ Kf6 1/2-1/2

[Event "Berliner Einzelmeisterschaft M-Klasse 2024"]
[Site "Berlin, Germany"]
[Date "2024.04.06"]
[Round "8.2"]
[White "Foerster, Jonas"]
[Black "Polzin, Rainer"]
[Result "1/2-1/2"]
[WhiteElo "2238"]
[BlackElo "2401"]
[PlyCount "111"]
[EventDate "2024.??.??"]

1. e4 c5 2. Nf3 e6 3. g3 Nc6 4. Bg2 Nf6 5. d3 d5 6. exd5 Nxd5 7. O-O Be7 8. Nc3 Nxc3 9. bxc3 Bf6 10. Bb2 O-O 11. Nd2 Qd7 12. Ne4 Be7 13. d4 c4 14. Qh5 b6 15. Rad1 Bb7 16. d5 exd5 17. Rxd5 Qe6 18. Ng5 Bxg5 19. Qxg5 Na5 20. Re5 Qd6 21. Bxb7 Nxb7 22. Rd5 Qg6 23. Qd2 Nc5 24. Ba3 Ne4 25. Qd4 Rfe8 26. Bc1 h6 27. Bf4 Nf6 28. Re5 Qxc2 29. Qxc4 Rec8 30. Qa6 Rd8 31. Rc1 Rd1+ 32. Rxd1 Qxd1+ 33. Kg2 Nd5 34. Qc4 Rd8 35. Qe4 Nxc3 36. Re8+ Rxe8 37. Qxe8+ Kh7 38. Qxf7 Qd5+ 39. Qxd5 Nxd5 40. Bd2 Kg6 41. g4 h5 42. h3 hxg4 43. hxg4 Kf6 44. f4 g6 45. Kf3 Ke6 46. a4 Nf6 47. a5 Nd5 48. axb6 axb6 49. Be3 Nxe3 50. Kxe3 Kd5 51. Kd3 b5 52. Kc3 Ke4 53. f5 gxf5 54. gxf5 Kxf5 55. Kb4 Kg4 56. Kxb5 1/2-1/2

[Event "Berliner Einzelmeisterschaft M-Klasse 2024"]
[Site "Berlin, Germany"]
[Date "2024.04.06"]
[Round "8.6"]
[White "Schmidek, Emil"]
[Black "Jahnz, Fabian"]
[Result "1-0"]
[WhiteElo "2439"]
[BlackElo "2285"]
[PlyCount "113"]
[EventDate "2024.??.??"]

1. d4 d5 2. c4 dxc4 3. e4 e5 4. Nf3 exd4 5. Bxc4 Nc6 6. O-O Be6 7. Bb5 Bc5 8. b4 Bb6 9. a4 a6 10. Bxc6+ bxc6 11. a5 Ba7 12. Bb2 Nf6 13. Bxd4 O-O 14. Nc3 Qe7 15. Bxa7 Rxa7 16. Ne5 Qd6 17. Qxd6 cxd6 18. Nd3 Rb7 19. Rfd1 Bc4 20. e5 dxe5 21. Nxe5 Nd5 22. Rdc1 Rxb4 23. Nxc6 Rb7 24. Ne4 Bb5 25. Nd6 Bxc6 26. Rxc6 Ra7 27. Rb1 g6 28. Kf1 Kg7 29. Ne4 Rd8 30. g3 Ne7 31. Rc5 Rd4 32. Nc3 Rd6 33. Rb6 Rad7 34. Ke1 Re6+ 35. Rxe6 fxe6 36. Ke2 h6 37. Ke3 Nf5+ 38. Ke4 Kf6 39. g4 Rd4+ 40. Kf3 Ne7 41. Ne4+ Kf7 42. Rc7 Rd3+ 43. Ke2 Ra3 44. Nd6+ Kf6 45. h4 e5 46. Nc4 Rc3 47. Kd2 Rf3 48. Ra7 Rxf2+ 49. Ke3 Rf4 50. Rxa6+ Kg7 51. Nxe5 Nd5+ 52. Kd2 Re4 53. Rxg6+ Kh7 54. Re6 Ra4 55. a6 Kg7 56. Rg6+ Kh7 57. Rd6 1-0

[Event "Berliner Einzelmeisterschaft M-Klasse 2024"]
[Site "Berlin, Germany"]
[Date "2024.04.07"]
[Round "9.1"]
[White "Lagunow, Raphael"]
[Black "Foerster, Jonas"]
[Result "1-0"]
[WhiteElo "2421"]
[BlackElo "2238"]
[PlyCount "95"]
[EventDate "2024.??.??"]

1. d4 Nf6 2. c4 e6 3. g3 c5 4. d5 exd5 5. cxd5 d6 6. Nc3 g6 7. Bg2 Bg7 8. Nf3 O-O 9. O-O a6 10. a4 Re8 11. Nd2 Nbd7 12. a5 b5 13. axb6 Nxb6 14. Qc2 Bd7 15. h3 Bb5 16. Re1 h6 17. Ra2 Qc7 18. b3 Rab8 19. Bb2 Nbd7 20. e4 Nh5 21. Kh2 Rec8 22. f4 c4 23. b4 Qb6 24. Nf3 Re8 25. Bc1 Qc7 26. g4 Nhf6 27. Be3 g5 28. fxg5 hxg5 29. Bxg5 Nh7 30. Be3 Ne5 31. Nd4 Nd3 32. Ncxb5 axb5 33. Rb1 Be5+ 34. Kg1 Rb7 35. Nc6 Bg7 36. g5 f5 37. Rf1 fxe4 38. Qe2 Qd7 39. Qh5 Rf8 40. Rxf8+ Nxf8 41. Ra8 Qf5 42. Re8 Ne5 43. Nd4 Qf7 44. Qxf7+ Kxf7 45. Rc8 c3 46. Nf5 Rd7 47. Nxg7 Kxg7 48. Bxe4 1-0